Focus sur: Tilion - Tolkien - Statistiques

Statistiques générales
  • Ce quiz a été pris 5 fois
  • Le résultat moyen est 5 sur 7
Statistiques - réponses
Informations recherchées Réponses % Correct
Première apparition Le Silmarillion
100%
Espèce Maia
100%
Contrées Valinor
100%
Vala associé Oromë
75%
Epouse/"amour" Arien
50%
Professions et titres Conducteur de la Lune
50%
Gardien de Telperion
50%
Aucun quiz correspondant
Distribution des résultats
% des personnes avec chaque résultat
Percentile par nombre de réponses
Votre historique - résultats
Vous n’avez pas pris ce quiz